Tilastot visalle Jalkapallon EM-kisojen 2024 joukkueet

Klikkaa tästä pelataksesi tätä visaa!

Yleistilastot

  • Tätä visaa on pelattu 344 kertaa
  • Keskiarvotulos 20 / 24

Vastaustilastot

JoukkueLohko% Oikein
RanskaD4
98%
SaksaA1
98%
ItaliaB3
97%
EspanjaB1
96%
PortugaliF3
96%
AlankomaatD2
94%
PuolaD1
94%
BelgiaE1
91%
EnglantiC4
91%
KroatiaB2
90%
TanskaC2
90%
SveitsiA4
88%
SlovakiaE2
87%
ItävaltaD3
85%
TšekkiF4
85%
SloveniaC1
84%
SerbiaC3
83%
UnkariA3
80%
UkrainaE4
79%
RomaniaE3
77%
AlbaniaB4
72%
SkotlantiA2
70%
TurkkiF1
69%
GeorgiaF2
44%

Tulosjakauma

Persentiili vastausten määrän mukaan

Jokaisen tuloksen saaneiden osuus

Tuloshistoriasi

Et ole pelannut tätä visaa